| 000 | 00339 a2200145 4500 | ||
|---|---|---|---|
| 003 | Nust | ||
| 005 | 20170207154118.0 | ||
| 040 | _cNust | ||
| 082 | _a297.43 | ||
| 100 | _aDoctor Muhammad Hameed Ullah | ||
| 245 | _aKhootbaaty Bahwalpur | ||
| 260 |
_aIslamabad _bAdara Thaqiaat _c2005 |
||
| 300 | _a424 pages | ||
| 538 | _aAlmirah No.66, Shelf No.3 | ||
| 942 |
_2ddc _cBK |
||
| 999 |
_c194209 _d194209 |
||